000 00434nam a2200157Ia 4500
008 151213s9999 xx 000 0 und d
100 _aRahman / Bhattacharjee
245 _aCo- Ordinate Geometry With Vector Analysis
_cRahman / Bhattacharjee
250 _a11th
260 _aDhaka
_bS.Bhattacharjee
_c2001
300 _a7041 p.
650 _aMathematics
650 _aMathematics
700 _aRahman / Bhattacharjee
999 _c3735
_d3735